| 000 | nam a22 a 4500 | ||
|---|---|---|---|
| 999 |
_c213 _d213 |
||
| 003 | AKMAL | ||
| 005 | 20170426151346.0 | ||
| 008 | 170426s2007 my | e | f000 s may d | ||
| 020 |
_a9789833109265 (kkt.) : _cRM8.00 |
||
| 040 | _cAKMAL | ||
| 082 | 0 | 4 |
_a352.63595 ABD _222 |
| 090 | 0 | 0 |
_a352.63595 _bABD |
| 100 | 0 |
_aAbdullah Ahmad Badawi, _cTun, _d1939- _9482 |
|
| 245 | 1 | 0 |
_aAmanat perdana : _bperkhidmatan awam bertaraf dunia : koleksi ucapan Perdana Menteri semasa Majlis Perdana Perkhidmatan Awam (MAPPA) (2000 - 2005) |
| 260 |
_aKuala Lumpur : _bInstitut Tadbiran Awam Negara, _c2007 |
||
| 300 |
_axii, 68ms. : _c21cm. |
||
| 650 | 1 | 0 |
_aCivil service _zMalaysia _9420 |
| 650 | 2 | 0 |
_aPublic administration _zMalaysia _9419 |
| 650 | 2 | 0 |
_aSpeeches, addresses, etc. _954 |
| 942 |
_2ddc _cBOOK |
||